Разработка и исследование ультразвукового медицинского аппарата для неинвазивной и инвазивной санации урологических катетеров: диссертация на соискание ученой степени кандидата технических наук; спец. 2.2.12

Бібліографічні деталі
Автор: Путинцева А. Р. Александра Рустамовна
Співавтор: Омский государственный технический университет
Інші автори: Новиков А. А. Алексей Алексеевич (научный руководитель)
Резюме:Заглавие с титульного экрана
Электронная версия печатной публикации
Защита сост. 29.11.2022
Мова:Російська
Опубліковано: Томск, 2022
Предмети:
Онлайн доступ:https://earchive.tpu.ru/handle/11683/73165
Формат: Електронний ресурс Книга
KOHA link:https://koha.lib.tpu.ru/cgi-bin/koha/opac-detail.pl?biblionumber=371212

MARC

LEADER 00000nlm0a2200000 4500
001 371212
005 20231102012345.0
035 |a (RuTPU)RU\TPU\retro\28622 
035 |a RU\TPU\retro\28621 
090 |a 371212 
100 |a 20220930d2022 k y0rusy50 ca 
101 0 |a rus 
102 |a RU 
105 |a a m 000zy 
135 |a drcn ---uucaa 
181 0 |a i  
182 0 |a b 
200 1 |a Разработка и исследование ультразвукового медицинского аппарата для неинвазивной и инвазивной санации урологических катетеров  |e диссертация на соискание ученой степени кандидата технических наук  |e спец. 2.2.12  |f А. Р. Путинцева  |g Омский государственный технический университет ; науч. рук. А. А. Новиков 
203 |a Текст  |c электронный 
210 |a Томск  |d 2022 
215 |a 1 файл (1 075 КБ) 
230 |a Электронные текстовые данные (1 файл : 1 075 КБ) 
300 |a Заглавие с титульного экрана 
300 |a Электронная версия печатной публикации 
300 |a Защита сост. 29.11.2022 
606 1 |a Медицинское оборудование  |2 stltpush  |3 (RuTPU)RU\TPU\subj\80803  |9 88366 
606 1 |a Мочеполовая система  |x Заболевания  |2 stltpush  |3 (RuTPU)RU\TPU\subj\80804  |9 88367 
610 1 |a электронный ресурс 
610 1 |a диссертации 
610 1 |a разработки 
610 1 |a медицинские исследования 
610 1 |a ультразвуковые аппараты 
610 1 |a медицинские аппараты 
610 1 |a санация 
610 1 |a урология 
610 1 |a катетеры 
610 1 |a физико-математические модели 
610 1 |a ультразвуковые воздействия 
610 1 |a биологические среды 
610 1 |a стенты 
610 1 |a мочеполовая система 
610 1 |a ультразвуковые колебания 
675 |a 615.47(04)  |v 4 
675 |a 616(04)  |v 3 
686 |a 05.11.17  |2 oksvnk 
700 1 |a Путинцева  |b А. Р.  |g Александра Рустамовна 
702 1 |a Новиков  |b А. А.  |g Алексей Алексеевич  |4 727 
712 0 2 |a Омский государственный технический университет  |c (1993- )  |2 stltpush  |3 (RuTPU)RU\TPU\col\394  |9 23393 
801 2 |a RU  |b 63413507  |c 20221005  |g RCR 
856 4 |u https://earchive.tpu.ru/handle/11683/73165 
942 |c CF